Dvojkoncert pro housle, klavír a orchestr partitura /

Hlavní autor: Lucký, Štěpán, 1919-2006
Jazyk: Nelze použít, není lingvistický obsah
Vydáno: Praha : Panton, 1975
Vydání: 1. vyd.
Edice: Studijní partitury
Fyzický popis: 75 s.
Hudebniny Hudebniny
Uloženo v:
LEADER 00820ncm a22002412a 4500
001 001105466
003 CZ BrMZK
005 20110511080526.0
007 qu
008 960101s1975 xr f zxx d
040 |a BOA001  |b cze 
072 7 |a 785  |x Instrumentální hudba. Symfonická hudba. Hudba pro více nástrojů  |2 Konspekt  |9 9 
100 1 |a Lucký, Štěpán,  |d 1919-2006  |7 jk01072534  |4 cmp 
245 1 0 |a Dvojkoncert pro housle, klavír a orchestr  |h [hudebnina] :  |b partitura /  |c Štěpán Lucký 
250 |a 1. vyd. 
260 |a Praha :  |b Panton,  |c 1975 
300 |a 75 s. 
490 1 |a Studijní partitury ;  |v 71 
830 0 |a Studijní partitury 
910 |a BOA001  |b Mus3-0742.666 
990 |a MU 
991 |b 201007 
996 6 |b 2619457963  |c Mus3-0742.666  |l MZK  |r Sklad / do 1 hodiny  |n 0  |w 001132248  |u 000010  |a 1  |e BOA001  |j MZK50  |s P